| 000 | 00682nam a2200217Ia 4500 | ||
|---|---|---|---|
| 005 | 20220526111505.0 | ||
| 008 | 210716s2008 xx 000 0 und d | ||
| 020 | _a9788122415766 | ||
| 040 | _cAIMIT LIBRARY | ||
| 041 | _aeng | ||
| 082 |
_a005.1331 _21 _bGHOA |
||
| 100 |
_aGhosh, Arun. _939052 |
||
| 245 |
_aC++ solutions for mathematical problems / _cBy Arun Ghosh. |
||
| 250 | _a1st ed. | ||
| 260 |
_aNew Delhi : _bNew Age International Pvt Ltd , _c2008. |
||
| 300 |
_aix, 238p. ; _c24 cm. |
||
| 650 |
_aPreliminary mathematical viewpoints _939053 |
||
| 650 |
_aComputing surface areas _939054 |
||
| 650 |
_aSystems of simula _939055 |
||
| 942 |
_2ddc _cBK _e1st _k005.1331 GHOA |
||
| 999 |
_c197385 _d197385 |
||